000 00397nam a22001697a 4500
005 20160530103356.0
008 160530b xxu||||| |||| 00| 0 eng d
020 _a981-240-248-7
041 _aeng
082 _b5956
100 _aWede, Arjan J. Van
_91486
245 _aPurchasing and Supply Chain Mgt.
260 _bThomson
_c2000
300 _a341
650 _aManagement
_9241
942 _cBK
999 _c2105
_d2104